000 00547 a2200169 4500
005 20250607115524.0
020 _a978-0-07-351152-8
082 _aLECT 658.403 HAA
100 _aHAAG, S.
245 _aInformation systems Essentials
250 _a2nd Ed.
260 _aNew York,
_bMcGraw-Hill,
_c2008.
300 _axxxi, 490p.: ill.; chart, figure, graph, picture, table.
_bBibliography reference & Index,
_c27cm.
700 _aCUMMINGS, M.
856 _yAccess online book
_fInformation systems Essentials
_dwww.mhhe.com
942 _2ddc
_cBKS
999 _c3433
_d3433